[Event "EST-ch U16"]
[Site "Tallinn"]
[Date "2016.05.22"]
[Round "7"]
[White "Uibokant, Karl Oskar"]
[Black "Bondar, Daniil"]
[Result "0-1"]
[WhiteElo "1452"]
[BlackElo "1716"]
[PlyCount "90"]
[EventDate "2016.05.19"]
[EventType "swiss"]
[EventRounds "7"]
[EventCountry "EST"]
[SourceTitle "EXT 2018"]
[Source "ChessBase"]
[SourceDate "2017.10.13"]
[SourceVersion "1"]
[SourceVersionDate "2017.10.13"]
[SourceQuality "1"]

1. e4 c5 2. Nf3 e6 3. d4 cxd4 4. Nxd4 Nf6 5. Nc3 Bb4 6. Bd3 Nc6 7. Be3 d5 8. Nxc6 bxc6 9. e5 Nd7 10. Bf4 d4 11. a3 Ba5 12. b4 Bc7 13. Ne4 Nxe5 14. Be2 0-0 15. Nc5 a5 16. Bxe5 Bxe5 17. Bd3 Bf6 18. bxa5 Qxa5+ 19. Qd2 Qxc5 20. 0-0 Ba6 21. c4 dxc3 22. Qc2 Bxd3 23. Qxd3 Rxa3 24. Rxa3 Qxa3 25. Qc2 Qb2 26. Rc1 Ra8 27. Qb1 c2 28. Qxc2 Qxc1+ 29. Qxc1 Ra1 30. Qxa1 Bxa1 31. Kf1 c5 32. Ke2 c4 33. Kd2 Kf8 34. Kc2 Ke7 35. Kb1 Bd4 36. Kc2 Kd6 37. Kd2 Bxf2 38. Kc3 Kc5 39. g3 Bd4+ 40. Kc2 c3 41. h3 Kc4 42. g4 g5 43. Kd1 Kd3 44. Kc1 c2 45. h4 Kc3 0-1